Estatísticas para Países com mais participações em Copas do Mundo sem título

Clique aqui para jogar o quiz

Estatísticas Gerais

  • Esse quiz foi jogado 48 vezes
  • A pontuação média é 6 de 8

Estatísticas das Respostas

PaísParticipaçõesContinente% Correto
México17América do Norte
100%
Estados Unidos11América do Norte
93%
Países Baixos11Europa
85%
Chile10América do Sul
83%
Bélgica14Europa
78%
Coreia do Sul11Ásia
68%
Suíça12Europa
61%
Suécia12Europa
54%

Distribuição das Pontuações

Percentil de Números Respondidos

Porcentagem de Pessoas com Cada Pontuação

Sua Pontuação Histórica

Você não jogou esse quiz